EA FC26 All Gold Japan Players - Statistics

General Stats
  • This quiz has been taken 30 times
  • The average score is 11 of 20
Answer Stats
Rate Club Answer % Correct
82 Brighton Kaoru Mitoma
96%
79 Liverpool Wataru Endo
96%
78 Bayern Hiroki Ito
92%
82 Real Sociedad Takefusa Kubo
92%
77 Crystal Palace Daichi Kamada
88%
77 Genk Junya Ito
88%
82 Frankfurt Ritsu Doan
75%
78 AS Monaco Takumi Minamino
75%
79 Celtic Daizen Maeda
50%
77 Ajax Ko Itakura
46%
76 Leeds Ao Tanaka
42%
79 Mainz Kaishu Sano
38%
76 Stade Reims Keito Nakamura
38%
76 Celtic Reo Hatate
38%
75 Mallorca Takuma Asano
38%
75 Birmingham City Kyogo Furuhashi
33%
75 Feyenoord Tsuyoshi Watanabe
21%
79 Celtic Hidemasa Morita
17%
76 Hoffenheim Koki Machida
17%
75 Gladbach Shuto Machino
17%
No matching quizzes found
Score Distribution
Percent of People with Each Score
Percentile by Number Answered
Your Score History
You have not taken this quiz